Vie de Beethoven

Αποθηκεύτηκε σε:
Λεπτομέρειες βιβλιογραφικής εγγραφής
Κύριος συγγραφέας: Rolland, Romain (Συγγραφέας)
Μορφή: Βιβλίο
Γλώσσα:Ισπανικά
Έκδοση: París Hachette 1925
Έκδοση:13a. ed
Σειρά:Vie des Hommes Illustres
Θέματα:
Ετικέτες: Προσθήκη ετικέτας
Δεν υπάρχουν, Καταχωρήστε ετικέτα πρώτοι!

MARC

LEADER 00000nam a2200000 a 4500
001 UCN1625
003 CL-VaPUC
008 010427e19250000FR |||||||||||||||||spa|d
082 0 4 |a 927.8  |b ROL  |2 21 
100 0 |a Rolland, Romain  |e author  |9 456847 
245 1 0 |a Vie de Beethoven 
250 |a 13a. ed 
300 |a 153 p 
942 |c BK 
945 |d 20010427 00:00:00  |a crobeson 
260 |a París  |b Hachette  |c 1925 
600 0 |a Beethoven, Ludwig van  |d 1770​-1827  |e compositor  |9 306286 
650 0 |a Compositores alemanes  |9 324765 
650 0 |a Biografías  |9 255210 
583 |a last modification  |c 20010427 00:00:00  |k Rodrigo Vera 
490 0 |a Vie des Hommes Illustres 
999 |c 294876  |d 294874 
952 |0 0  |1 0  |4 0  |6 927_800000000000000_ROL_1925  |7 0  |8 A  |9 347622  |a BIBEDU  |b BIBEDU  |d 2019-11-20  |i 1180894  |o 927.8 ROL 1925  |p 1180894  |r 2023-01-12  |w 2019-11-20  |y BK  |k MUS